[Event "21st Belgrade Trophy"]
[Site "Obrenovac SRB"]
[Date "2008.11.30"]
[Round "4"]
[White "Dzunic,V"]
[Black "Brankov,Kri"]
[Result "1-0"]
[WhiteElo "2052"]
[BlackElo "1896"]

1.d4 Nf6 2.c4 e6 3.Nf3 Bb4+ 4.Nbd2 b6 5.a3 Bxd2+ 6.Bxd2 Bb7 7.e3 Ne4 8.Bd3 f5
9.O-O O-O 10.Ne1 d6 11.f3 Nxd2 12.Qxd2 Nd7 13.e4 fxe4 14.fxe4 Rxf1+ 15.Kxf1 e5
16.d5 Nc5 17.Bc2 a5 18.Nf3 Ba6 19.Qe2 Bc8 20.Kg1 Bg4 21.Rf1 a4 22.Qe3 Bxf3
23.Qxf3 Qe7 24.Qg4 Rf8 25.Rf5 Rxf5 26.Qxf5 Qe8 27.g3 Qd8 28.h4 g6 29.Qg4 Kg7
30.Kg2 Qe8 31.h5 Qf8 32.hxg6 hxg6 33.Bxa4 Qd8 34.Bc2 Qe8 35.b4 Nd7 36.Ba4 Nf6
37.Bxe8 Nxg4 38.Kf3 Nh2+ 39.Ke2 Ng4 40.Bc6 Kf7 41.a4 Ke7 42.a5  1-0

[Event "Mediterranean Open"]
[Site "Rijeka CRO"]
[Date "2008.11.30"]
[Round "2"]
[White "Saric,A"]
[Black "Lasinskas,P"]
[Result "1-0"]
[WhiteElo "2505"]
[BlackElo "2275"]

1.d4 Nf6 2.c4 e6 3.Nf3 Bb4+ 4.Nbd2 O-O 5.a3 Bxd2+ 6.Qxd2 d5 7.e3 Nc6 8.b4 Ne4
9.Qc2 Bd7 10.Bb2 f5 11.Rc1 Rc8 12.Be2 Ne7 13.O-O Ng6 14.g3 c6 15.a4 a6 16.Qb3 b5
17.c5 Nh8 18.Qc2 Nf7 19.Ne1 Qg5 20.Ra1 Rc7 21.Ra3 h5 22.Qd1 h4 23.Nf3 Qh6
24.Nxh4 g5 25.Ng2 Be8 26.f3 Nf6 27.axb5 axb5 28.Ne1 Nh8 29.Rf2 Rh7 30.Rg2 Ng6
31.Nd3 Nh5 32.Ne5 Kh8 33.Nxg6+ Bxg6 34.Ra6 Be8 35.Qa1 f4 36.exf4 gxf4 37.g4 Ng7
38.Bd3 Bg6 39.Qd1 Bxd3 40.Qxd3 Rc8 41.Bc3 Qg5 42.Rga2 Nf5 43.Ra8 Rc7 44.Rxc8+ Rxc8
45.Qe2 Ne3 46.Bd2 e5 47.dxe5 Qxe5 48.Qd3 d4 49.Ra7 Rc7 50.Rxc7 Qxc7 51.Qxd4+  1-0

[Event "Mediterranean Open"]
[Site "Rijeka CRO"]
[Date "2008.11.30"]
[Round "2"]
[White "Jankovic,A"]
[Black "Menkinoski,R"]
[Result "0-1"]
[WhiteElo "2548"]
[BlackElo "2324"]

1.d4 Nf6 2.Nf3 e6 3.c4 Bb4+ 4.Nbd2 O-O 5.a3 Bxd2+ 6.Qxd2 d6 7.g3 Nbd7 8.Bg2 c5
9.O-O d5 10.cxd5 exd5 11.dxc5 Nxc5 12.Qc2 Nce4 13.Be3 Bf5 14.Qb3 b6 15.Rac1 Rc8
16.Bd4 Nc5 17.Qa2 Re8 18.b4 Nce4 19.Ne5 Qd6 20.Qb2 Qe6 21.Nd3 Nh5 22.Rxc8 Rxc8
23.f3 Ng5 24.Qd2 h6 25.g4 Bxd3 26.exd3 Nf6 27.f4 Ngh7 28.g5 hxg5 29.fxg5 Qg4
30.Bxf6 gxf6 31.gxf6 Rc6 32.Rf4 Qg5 33.h3 Kf8 34.h4 Qh6 35.b5 Rxf6 36.Qb4+ Kg8
37.Rg4+ Rg6 38.Kh2 Nf6 39.Rf4 Qg7 40.Bh3 Nh5 41.Rf5 Ng3 42.Rxd5 Qa1 43.Bg2 Qh1+
44.Bxh1 Nf1+ 45.Kh3 Rg3+  0-1

[Event "TCh-ISR 2008-9"]
[Site "Israel ISR"]
[Date "2008.12.12"]
[Round "1"]
[White "Roiz,M"]
[Black "Rozentalis,E"]
[Result "1/2-1/2"]
[WhiteElo "2677"]
[BlackElo "2577"]

1.d4 Nf6 2.c4 e6 3.Nf3 Bb4+ 4.Nbd2 d5 5.Qa4+ Nc6 6.a3 Bxd2+ 7.Bxd2 Ne4 8.e3 Nxd2
9.Nxd2 O-O 10.Nf3 Qe7 11.Bd3 Rd8 12.Qc2 h6 13.Rc1 a5 14.O-O Bd7 15.cxd5 exd5
16.Qc5 Qd6 17.Bb5 f6 18.Ba4 Qxc5 19.Rxc5 Ne7 20.Bxd7 Rxd7  1/2-1/2

[Event "TCh-NED 2008-9"]
[Site "Netherlands NED"]
[Date "2008.12.13"]
[Round "4"]
[White "Ris,R"]
[Black "De Groote,J"]
[Result "1-0"]
[WhiteElo "2415"]
[BlackElo "1995"]

1.d4 Nf6 2.Nf3 e6 3.c4 Bb4+ 4.Nbd2 O-O 5.a3 Bxd2+ 6.Bxd2 d6 7.Bg5 Nc6 8.e3 e5
9.Be2 a5 10.O-O h6 11.Bh4 g5 12.Bg3 Qe7 13.d5 Nb8 14.Nd2 Na6 15.b4 Bd7 16.Qb3 Nh7
17.Rae1 Rae8 18.Bd1 b5 19.Bc2 Rb8 20.f4 axb4 21.fxe5 dxe5 22.c5 Nxc5 23.Qxb4 Rbe8
24.Nf3 e4 25.Ne5 Nf6 26.Nxd7 Ncxd7 27.d6 Qe6 28.dxc7 Qb6 29.a4 Nd5 30.Qxb5 Qxb5
31.axb5 f5 32.Bb3 Nb6 33.Rd1 f4 34.Bxd5+  1-0

[Event "15th Croatian Open A"]
[Site "Zadar CRO"]
[Date "2008.12.16"]
[Round "4"]
[White "Saric,A"]
[Black "Kurajica,B"]
[Result "1-0"]
[WhiteElo "2505"]
[BlackElo "2540"]

1.d4 Nf6 2.c4 e6 3.Nf3 Bb4+ 4.Nbd2 d6 5.g3 O-O 6.Bg2 e5 7.O-O exd4 8.Nxd4 Bc5
9.Nb1 c6 10.Nc3 Re8 11.Bf4 Nh5 12.Be3 Bb6 13.Qd2 Na6 14.Rfd1 Nf6 15.Nc2 Bf5
16.Bxb6 Qxb6 17.Ne3 Bg6 18.Na4 Qc7 19.Qxd6 Qa5 20.Nc3 Nc5 21.Qd2 Rad8 22.Qe1 Rxd1
23.Rxd1 Na4 24.Nxa4 Qxa4 25.a3 h5 26.Qb4 Qxb4 27.axb4 Kf8 28.Ra1 a6 29.b5 axb5
30.cxb5 cxb5 31.Bxb7 Re5 32.Ra5 Ne8 33.Ra8 Ke7 34.Nd5+ Kd7 35.Nf4 Bc2 36.Ra7 Kd8
37.Bf3 Bg6 38.Rb7 Nc7 39.Rb6 Be4 40.Bxe4 Rxe4 41.Nxh5 g6 42.Nf4 g5 43.Nd5  1-0

[Event "8th Amplico AIG Life Rapid"]
[Site "Warsaw POL"]
[Date "2008.12.20"]
[Round "3"]
[White "Dziuba,M"]
[Black "Warszawski,B"]
[Result "1-0"]
[WhiteElo "2556"]
[BlackElo "2293"]

1.d4 Nf6 2.c4 e6 3.Nf3 Bb4+ 4.Nbd2 b6 5.a3 Bxd2+ 6.Qxd2 Bb7 7.e3 O-O 8.Be2 d6
9.O-O Nbd7 10.b3 Qe7 11.Bb2 h6 12.Rac1 Rfd8 13.Rfd1 Nf8 14.Qc2 Be4 15.Qc3 c6
16.Nd2 d5 17.Nxe4 Nxe4 18.Qc2 Ng6 19.Bd3 f5 20.f3 Nf6 21.a4 Nh4 22.Qf2 g5
23.Rc2 Rd7 24.cxd5 cxd5 25.Rdc1 Qb4 26.Bc3 Qxb3 27.Bb5 Rc7 28.Be1 Rxc2 29.Qxc2 Qxe3+
30.Bf2 Qa3 31.Qc6 Re8 32.Re1 Qe7 33.Qc1 Ng6 34.Bxe8 Nxe8 35.Qc8 Kf7 36.Bg3 f4
37.Bf2 Nd6 38.Qc6 Qd8 39.Rc1 Nc4 40.Re1 Nd6 41.g4 Ne7 42.Qc2 Kf6 43.Qh7 Nf7
44.h4 Qc8 45.Qd3 Ng6 46.h5 Nf8 47.Re2 Nd6 48.Be1 Qc4 49.Qd1 Nd7 50.a5 b5
51.Rc2 Qb3 52.Qe2 Nc4 53.a6 Qe3+ 54.Qxe3 fxe3 55.Rc3 e5 56.dxe5+ Kxe5 57.Rb3 Nc5
58.Rxb5 Nxa6 59.Rb7 d4 60.Rxa7 d3 61.Bc3+ Kf4 62.Kg2 e2 63.Rf7+ Ke3 64.Re7+ Kf4
65.Re4+  1-0

[Event "1st Asian Clubs"]
[Site "Al Ain UAE"]
[Date "2008.12.26"]
[Round "2"]
[White "Zhou Weiqi"]
[Black "Noroozi,O"]
[Result "1-0"]
[WhiteElo "2548"]
[BlackElo "2314"]

1.d4 Nf6 2.Nf3 e6 3.c4 Bb4+ 4.Nbd2 d5 5.a3 Be7 6.Qc2 O-O 7.e4 dxe4 8.Nxe4 Nbd7
9.Nxf6+ Nxf6 10.Be3 b6 11.Ne5 Bb7 12.O-O-O c5 13.dxc5 Qc7 14.c6 Bxc6 15.Nxc6 Qxc6
16.Bd3 Rac8 17.Kb1 Ng4 18.Bd4 Rfd8 19.Bc3 Bf6 20.Bxh7+ Kh8 21.h3 Rxd1+ 22.Qxd1 Kxh7
23.hxg4+ Kg8 24.Bxf6 gxf6 25.g5 Qe4+ 26.Ka1 Qxc4 27.Qh5  1-0

[Event "1st Asian Clubs"]
[Site "Al Ain UAE"]
[Date "2008.12.26"]
[Round "2"]
[White "Pashikian,A"]
[Black "El Gindy,E"]
[Result "1-0"]
[WhiteElo "2611"]
[BlackElo "2526"]

1.d4 Nf6 2.Nf3 e6 3.c4 Bb4+ 4.Nbd2 b6 5.a3 Bxd2+ 6.Qxd2 Bb7 7.e3 O-O 8.Be2 d6
9.O-O Nbd7 10.b4 Ne4 11.Qc2 f5 12.Bb2 Rf6 13.d5 Rg6 14.Nd4 Qg5 15.g3 Nf8
16.f4 Qh4 17.Bf3 Nxg3 18.hxg3 Qxg3+ 19.Bg2 Qxe3+ 20.Rf2 Re8 21.Kf1 Qg3 22.Re1 Rb8
23.Nxe6 Nxe6 24.Rxe6 Rxe6 25.dxe6 Bxg2+ 26.Rxg2 Qxf4+ 27.Rf2 Qg4 28.Rxf5 Qh3+
29.Kg1 Re8 30.Rf7 Re7 31.Rxe7 Qg3+ 32.Kf1 Qf3+ 33.Ke1 Qh1+ 34.Kd2 Qh6+ 35.Ke2 Qh5+
36.Kd3 Qf5+ 37.Kc3 Qf6+ 38.Kb3 Qxe7 39.Qe4 c6 40.b5 cxb5 41.cxb5 h5 42.Bc1 h4
43.Qd5 h3 44.Bf4 Kh8 45.Qh5+ Kg8 46.Qxh3 d5 47.Qf5 Qc5 48.Qf7+ Kh7 49.Qh5+ Kg8
50.Qe8+ Kh7 51.Qc6 Qg1 52.Qc1 Qg6 53.Qc2  1-0

[Event "1st Asian Clubs"]
[Site "Al Ain UAE"]
[Date "2008.12.29"]
[Round "5"]
[White "Bui Vinh"]
[Black "Ghane,S"]
[Result "1-0"]
[WhiteElo "2507"]
[BlackElo "2408"]

1.d4 e6 2.c4 Nf6 3.Nf3 Bb4+ 4.Nbd2 d5 5.Qa4+ Nc6 6.a3 Be7 7.e3 O-O 8.b4 Ne4
9.Qc2 f5 10.Bb2 Bd7 11.Rc1 Rc8 12.Bd3 Be8 13.O-O Bh5 14.c5 Bf6 15.b5 Ne7
16.Ne5 Ng6 17.f3 Ng5 18.Nb3 Nh4 19.f4 Ne4 20.g3 Ng6 21.Qg2 Be7 22.c6 b6 23.Nd7 Rf7
24.h3 Bd6 25.Ne5 Nxe5 26.dxe5 Bc5 27.Bd4 Bxa3 28.Ra1 Bf8 29.g4 Bg6 30.Rxa7 Ra8
31.Rxa8 Qxa8 32.Ra1 Qd8 33.g5 h6 34.h4 Bh5 35.Nd2 Bb4 36.Nxe4 fxe4 37.Be2 Bxe2
38.Qxe2 hxg5 39.hxg5 g6 40.Qg4 Qe7 41.Ra8+ Rf8 42.Ra7 Ba5 43.Qh3 Rc8 44.Kf2 Qf7
45.Ke2 Re8 46.Qh6 Rc8 47.Kd1 Qh7 48.Qxh7+ Kxh7 49.Kc2 Kg8 50.Bb2 Bb4 51.Bd4 Bf8
52.Kc3 Kh8 53.Rb7 Kg8 54.Kb3 Kh8 55.Rxc7 Rxc7 56.Bxb6 Rc8 57.Ba7 d4 58.Bxd4 Be7
59.b6 Bd8 60.b7 Rb8 61.Ba7 Bc7 62.Bxb8 Bxb8 63.Kc4 Kg7 64.Kb5  1-0

[Event "1st Asian Clubs"]
[Site "Al Ain UAE"]
[Date "2008.12.30"]
[Round "6"]
[White "Gameel,M"]
[Black "Nguyen Van Huy"]
[Result "0-1"]
[WhiteElo "2178"]
[BlackElo "2422"]

1.d4 Nf6 2.c4 e6 3.Nf3 Bb4+ 4.Nbd2 b6 5.g3 Bb7 6.Bg2 O-O 7.O-O d5 8.a3 Be7
9.b3 c5 10.cxd5 exd5 11.Bb2 Nc6 12.Qc2 Qd7 13.Ne5 Qe6 14.Ndf3 Nxd4 15.Bxd4 cxd4
16.Nd3 Rac8 17.Qb2 Ne4 18.Nxd4 Qf6 19.Bh3 Rc7 20.Rac1 Bc5 21.Nb5 Bxf2+ 22.Kg2 Qxb2
23.Nxb2 Rc5 24.b4 Rxc1 25.Rxc1 a6 26.Rc7 Ba8 27.Nd6 Bxg3 28.hxg3 Nxd6 29.Bd7 g6
30.Ra7 Nc4 31.Nxc4 dxc4+ 32.Kf2 Be4 33.Ke3 Bb1 34.Kd4 b5 35.Rxa6 Rd8 36.Kc5 Rxd7  0-1

[Event "38th Rilton Cup 2008-9"]
[Site "Stockholm SWE"]
[Date "2008.12.31"]
[Round "5"]
[White "Ivanov,Sergey1"]
[Black "Kuzubov,Y"]
[Result "1/2-1/2"]
[WhiteElo "2547"]
[BlackElo "2622"]

1.d4 Nf6 2.c4 e6 3.Nf3 Bb4+ 4.Nbd2 b6 5.g3 Bb7 6.Bg2 O-O 7.O-O d5 8.cxd5 exd5
9.Ne5 Nbd7 10.Qa4 Bd6 11.Nxd7 Qxd7 12.Qxd7 Nxd7 13.Nc4 Be7 14.Bf4 g6 15.Rac1 Rac8
16.Rfd1 Rfd8 17.h4 h5 18.Rc2 Bf8 19.Ne5 Nxe5 20.Bxe5 c6 21.e4 dxe4 22.Bxe4 Bg7
23.Rdc1 Re8 24.Bxc6 Rxc6 25.Rxc6 Bxe5 26.dxe5 Bxc6 27.Rxc6 Rxe5  1/2-1/2

[Event "XX Open"]
[Site "Roquetas de Mar ESP"]
[Date "2009.01.06"]
[Round "8"]
[White "Del Rey,D"]
[Black "Granero Roca,A"]
[Result "1/2-1/2"]
[WhiteElo "2383"]
[BlackElo "2386"]

1.d4 Nf6 2.c4 e6 3.Nf3 Bb4+ 4.Nbd2 b6 5.e3 Bb7 6.Bd3 O-O 7.O-O d5 8.a3 Be7
9.Qc2 Nbd7 10.b4 c5 11.bxc5 dxc4 12.Nxc4 bxc5 13.e4 h6 14.Rb1 Ba6 15.Rd1 cxd4
16.Nxd4 Rc8 17.Nb5 Ne5 18.Qb3 Nxd3 19.Rxd3 Qe8 20.Ncd6 Bxd6 21.Nxd6 Qd7 22.Rd1 Rc6
23.e5 Nd5 24.Bb2 Qc7 25.g3 Rb8 26.Qa2 Rc2 27.Qa1 Be2 28.Re1 Qc6 29.Bd4 Rxb1
30.Qxb1 Nb6 31.Be3 Bg4 32.Qb5 Bf3 33.Qxc6 Bxc6 34.Rc1 Rxc1+  1/2-1/2

[Event "TCh-ISR 2008-9"]
[Site "Israel ISR"]
[Date "2009.01.09"]
[Round "5"]
[White "Zoler,D"]
[Black "Birnboim,N"]
[Result "1/2-1/2"]
[WhiteElo "2475"]
[BlackElo "2319"]

1.d4 Nf6 2.c4 e6 3.Nf3 Bb4+ 4.Nbd2 O-O 5.a3 Bxd2+ 6.Qxd2 d5 7.e3 a5 8.Bd3 a4
9.O-O c5 10.Qc2 b5 11.cxb5 c4 12.Be2 Bd7 13.Bd2 Bxb5 14.Bc3 Nc6 15.Nd2 Ra7
16.Rad1 Rd7 17.Rfe1 Re8 18.Nf1 Ne4 19.f3 Nxc3 20.bxc3 e5 21.Rb1 Qa5 22.Ng3 g6
23.Bf1 Rde7 24.Ne2 exd4 25.exd4 Na7 26.Rb4 Bd7 27.Qb2 Nc6 28.Rb5 Qa7 29.Kh1 Ne5
30.Rb7 Nd3 31.Rxa7 Nxb2 32.Rb1 Nd3 33.h4 Bf5 34.Rxe7 Rxe7 35.Rb8+ Kg7 36.Kg1 h5
37.Rb5 Ne1 38.Nf4 Nc2 39.Kf2 Nxa3 40.Ra5 Bc2 41.Nxd5 Rb7 42.Ne3 Bb3 43.d5 Nb1
44.Nxc4 Nxc3 45.d6 Rd7 46.Ra6 Kf6 47.Ke3 Ke6 48.Kd4 Nd5 49.g3 Nb4 50.Rb6 Nd5
51.Rb8 Nc7 52.Kc3 Nd5+ 53.Kd4 Nc7 54.Kc3 Nd5+ 55.Kd4 Nc7 56.Kc3  1/2-1/2

[Event "Open A"]
[Site "Prague CZE"]
[Date "2009.01.12"]
[Round "4"]
[White "Clery,N"]
[Black "Zilka,S"]
[Result "1/2-1/2"]
[WhiteElo "2373"]
[BlackElo "2471"]

1.d4 Nf6 2.c4 e6 3.Nf3 Bb4+ 4.Nbd2 b6 5.g3 Bb7 6.Bg2 O-O 7.O-O Bxd2 8.Qxd2 d6
9.b3 Nbd7 10.Bb2 Qe7 11.d5 exd5 12.Nh4 Rfe8 13.Nf5 Qxe2 14.Qg5 g6 15.Bxf6 Nxf6
16.Qxf6 gxf5 17.Qg5+ Kh8 18.Qxf5 Qe6 19.Qf4 c5 20.Rad1 Qe5 21.Qh4 Qe7 22.Qxe7 Rxe7
23.Bxd5 Bxd5 24.Rxd5 Rd8 25.Rfd1 Re2 26.R1d2 Rxd2 27.Rxd2 Kg7 28.Kg2 Kf6
29.Rd5 a6 30.a4 b5 31.axb5 axb5 32.Kf3 Ke6 33.Ke4 Ra8 34.Rh5 Ra3 35.Rh6+ Ke7
36.cxb5 Rxb3 37.Kd5 Rxb5 38.Rxd6 c4+ 39.Kxc4 Rh5 40.Rd4  1/2-1/2

[Event "IMB"]
[Site "Marianske Lazne CZE"]
[Date "2009.01.17"]
[Round "1"]
[White "Terekhov,A"]
[Black "Pochinkov,A"]
[Result "1/2-1/2"]
[WhiteElo "2347"]
[BlackElo "2186"]

1.d4 Nf6 2.c4 e6 3.Nf3 Bb4+ 4.Nbd2 Nc6 5.a3 Bxd2+ 6.Bxd2 d6 7.Bg5 h6 8.Bh4 Qe7
9.e3 e5 10.d5 Nb8 11.Nd2 a5 12.Bd3 Nbd7 13.Bc2 O-O 14.O-O Re8 15.f4 exf4
16.exf4 Qe3+ 17.Kh1 Qd4 18.b3 Nf8 19.Bxf6 Qxf6 20.Ne4 Qh4 21.Qe1 Qxe1 22.Raxe1 Bd7
23.Nc3  1/2-1/2

[Event "IMB"]
[Site "Marianske Lazne CZE"]
[Date "2009.01.20"]
[Round "4"]
[White "Terekhov,A"]
[Black "Vlasak,Lu"]
[Result "1/2-1/2"]
[WhiteElo "2347"]
[BlackElo "2163"]

1.d4 Nf6 2.Nf3 e6 3.c4 Bb4+ 4.Nbd2 b6 5.a3 Bxd2+ 6.Bxd2 Bb7 7.Bg5 h6 8.Bh4 d6
9.e3 g5 10.Bg3 Ne4 11.Nd2 Nxd2 12.Qxd2 Nd7 13.f3 f5 14.h4 Qf6 15.hxg5 hxg5
16.Rxh8+ Qxh8 17.Qc2 O-O-O 18.c5 dxc5 19.Rc1 f4 20.Bf2 Qh1 21.Qc4 g4 22.exf4 gxf3
23.g3 Qh2 24.dxc5 Nxc5 25.Qc2 Be4 26.Qc3 Rd5 27.Qg7 Bd3 28.Bxc5 Bxf1 29.Qxc7+ Kxc7
30.Bg1+  1/2-1/2

[Event "Queenstown Classic"]
[Site "Queenstown NZL"]
[Date "2009.01.20"]
[Round "6"]
[White "Armstrong,M"]
[Black "Ikeda,J"]
[Result "0-1"]
[WhiteElo "2060"]
[BlackElo "2247"]

1.d4 Nf6 2.Nf3 e6 3.c4 Bb4+ 4.Nbd2 b6 5.g3 Bb7 6.Bg2 O-O 7.O-O c5 8.d5 exd5
9.Nh4 Bc6 10.cxd5 Nxd5 11.Nc4 Nf6 12.a3 Ba5 13.Nxa5 bxa5 14.Qd6 Bxg2 15.Kxg2 Qb6
16.Nf5 Re8 17.Re1 Re6 18.Qf4 g6 19.Nh6+ Kg7 20.e4 Qb7 21.f3 d6 22.g4 Ng8
23.Bd2 f6 24.Nxg8 Kxg8 25.Bc3 Qe7 26.Rad1 Nc6 27.Re2 Ne5 28.Bxa5 c4 29.Bc3 Nd3
30.Qe3 d5 31.g5 dxe4 32.fxe4 Qd6 33.Kg1 fxg5 34.b3 Qb6 35.bxc4 Nf4 36.Ree1 Rxe4
37.Qxb6 Rxe1+ 38.Bxe1 axb6 39.Bb4 Rc8 40.Rd6 Rxc4 41.Rxb6 h5 42.a4 Rc1+ 43.Kf2 Ra1
44.a5 Nd3+ 45.Ke3 Nxb4 46.Rxg6+ Kh7 47.Rxg5 Ra3+ 48.Kf4 Rh3 49.Rg2 Ra3 50.Rg5 Kh6
51.Rb5 Ra4 52.Kf5 Nc6 53.Rb6 Rxa5+ 54.Kf4 Rc5 55.h4 Kg6 56.Ke4 Re5+ 57.Kf4 Re6
58.Rb1 Ne7 59.Rg1+ Kh6 60.Rg2 Ng6+  0-1

[Event "Queenstown Classic"]
[Site "Queenstown NZL"]
[Date "2009.01.21"]
[Round "7"]
[White "Brown,An"]
[Black "Garbett,P"]
[Result "1-0"]
[WhiteElo "1987"]
[BlackElo "2329"]

1.d4 Nf6 2.c4 e6 3.Nf3 Bb4+ 4.Nbd2 b6 5.g3 Bb7 6.Bg2 O-O 7.O-O d5 8.Qc2 Nbd7
9.b3 c5 10.e3 cxd4 11.exd4 Rc8 12.Bb2 Rc7 13.Rac1 Qa8 14.Ne5 dxc4 15.Bxb7 Qxb7
16.Nxd7 Nxd7 17.bxc4 Rfc8 18.Rfd1 Qa6 19.d5 exd5 20.Qf5 Bxd2 21.Rxd2 Nf8
22.Qe5 Ne6 23.Rxd5 Qa4 24.Rcd1 Qe8 25.Rd6 Re7 26.f4 f6 27.Qd5 Rc5 28.Qd3 Qg6
29.Qe2 Qf5 30.Re1 h5 31.Rxe6 Rxe6 32.Qxe6+ Qxe6 33.Rxe6 Rxc4 34.Re2 h4 35.Kg2 hxg3
36.hxg3 Kf7 37.Kf3 b5 38.g4 a5 39.a3 g6 40.g5 fxg5 41.fxg5 b4 42.axb4 axb4
43.Bf6 Rc7 44.Re3 Rb7 45.Rb3 Ke6 46.Ke4 Rh7 47.Kd4 Rh4+ 48.Kc5 Rh1 49.Rxb4 Rd1
50.Re4+ Kf5 51.Re5+ Kf4 52.Rd5 Rc1+ 53.Kd6  1-0

[Event "LIX Verano Open"]
[Site "Villa Ballester ARG"]
[Date "2009.01.25"]
[Round "5"]
[White "Jungblut,J"]
[Black "Mazziotti Irigoyen,G"]
[Result "0-1"]
[WhiteElo "2086"]
[BlackElo "2317"]

1.d4 Nf6 2.c4 e6 3.Nf3 Bb4+ 4.Nbd2 b6 5.e3 Bb7 6.Be2 O-O 7.O-O d5 8.a3 Be7
9.b3 c5 10.Bb2 Nc6 11.Ne5 Rc8 12.Rc1 Qc7 13.Nxc6 Bxc6 14.Nf3 Rfd8 15.Bd3 dxc4
16.bxc4 Ng4 17.g3 h5 18.h3 Nxe3 19.Qe2 Nxf1 20.Rxf1 Bf6 21.d5 Bxb2 22.Qxb2 exd5
23.Ng5 Qe7 24.h4 f6 25.Bh7+ Kh8 26.Bb1 d4 27.Nh3 d3 28.Nf4 Qe4 29.f3 Qe3+
30.Kh2 Rd4 31.Kg2 Re8 32.Rf2 Kg8 33.Nxh5 Kf7 34.Bxd3 Rxd3 35.Nf4 Bxf3+ 36.Kh2 Rd1
37.Ng2 Bxg2  0-1

[Event "TCh-HUN 2008-9"]
[Site "Kazincbarcika HUN"]
[Date "2009.03.01"]
[Round "9"]
[White "Csiszar,C"]
[Black "Borsos,B"]
[Result "1-0"]
[WhiteElo "2437"]
[BlackElo "2363"]

1.d4 Nf6 2.c4 e6 3.Nf3 Bb4+ 4.Nbd2 d5 5.a3 Be7 6.e3 a5 7.b3 O-O 8.Bb2 b6
9.Bd3 Bb7 10.Qc2 Nbd7 11.cxd5 exd5 12.Ne5 c5 13.Nxd7 Qxd7 14.dxc5 bxc5 15.O-O Ba6
16.Bf5 Qd6 17.Rfd1 g6 18.e4 d4 19.Bh3 Bc8 20.Bxc8 Rfxc8 21.Nc4 Qc6 22.a4 Bf8
23.Re1 Re8 24.f3 Nd7 25.Na3 Bg7 26.Red1 Re6 27.Nb5 h5 28.Rac1 Qb7 29.Qc4 Rae8
30.Rc2 h4 31.h3 Qb8 32.Bc1 Qg3 33.Rf2 Be5 34.f4 Bb8 35.Rd3 Nb6 36.Qc2 Rxe4
37.Rxg3 hxg3 38.Rf1 Nd5 39.Qxc5 Nxf4 40.Bd2 R4e5 41.Qc4 Re4 42.Nc7  1-0

[Event "10th EICC"]
[Site "Budva MNE"]
[Date "2009.03.11"]
[Round "6"]
[White "Grigoriants,S RUS"]
[Black "Stanojevic,B"]
[Result "1-0"]
[WhiteElo "2565"]
[BlackElo "2276"]

1.Nf3 Nf6 2.c4 e6 3.d4 Bb4+ 4.Nbd2 d5 5.a3 Bxd2+ 6.Bxd2 a5 7.Qc2 O-O 8.Bg5 Nc6
9.e3 h6 10.Bh4 a4 11.Bd3 Bd7 12.O-O Re8 13.Rad1 Ra5 14.h3 Qb8 15.Bxf6 gxf6
16.e4 dxc4 17.Bxc4 b5 18.Bd3 b4 19.Bc4 Kg7 20.Qd2 Ra7 21.Qf4 bxa3 22.bxa3 Na5
23.Bd3 c6 24.Qg4+ Kh7 25.Qh4 Qd8 26.Qh5 Kg7 27.Rfe1 Nb3 28.Re3  1-0

[Event "10th EICC"]
[Site "Budva MNE"]
[Date "2009.03.14"]
[Round "8"]
[White "Potkin,V"]
[Black "Savic,Miod1"]
[Result "0-1"]
[WhiteElo "2613"]
[BlackElo "2525"]

1.d4 Nf6 2.c4 e6 3.Nf3 Bb4+ 4.Nbd2 O-O 5.a3 Bxd2+ 6.Qxd2 b6 7.e3 Bb7 8.Be2 d6
9.b4 a5 10.Bb2 Nbd7 11.O-O Ne4 12.Qd3 f5 13.d5 e5 14.Nd2 Nxd2 15.Qxd2 f4
16.exf4 Rxf4 17.g3 Rf8 18.Bg4 Kh8 19.Rae1 axb4 20.axb4 b5 21.cxb5 Nb6 22.Be6 Ra2
23.Ra1 Qa8 24.Rxa2 Qxa2 25.Ra1 Qb3 26.Ra3 Qc4 27.Rc3 Qxb5 28.Rxc7 Ba6 29.Rc1 Nc4
30.Qc3 h6 31.Ba1 Qb6 32.Qe1 Qb5 33.Bc3 Nb6 34.Rd1 Qc4 35.Qe3 Na4 36.Rc1 Qb5
37.Bd2 Nb2 38.Qa7 Qe2 39.Be3 Nd1 40.Qxa6 Qxa6 41.Rxd1 Qc4 42.Rb1 Qe4 43.Ra1 Qxb4
44.h4 Qe4 45.h5 Kh7 46.Rc1 Rf6 47.Rc8 Qb1+ 48.Rc1 Qb3 49.Bh3 Qxd5 50.Bg2 Qd3
51.Bf1 Qf5 52.Rc3 d5 53.Rc5 Rd6 54.Bg2 Qxh5  0-1

[Event "FSIMA March"]
[Site "Budapest HUN"]
[Date "2009.03.15"]
[Round "9"]
[White "Corke,A"]
[Black "Sebestyen,Ba"]
[Result "1-0"]
[WhiteElo "2260"]
[BlackElo "2283"]

1.Nf3 Nf6 2.d4 e6 3.c4 Bb4+ 4.Nbd2 O-O 5.e3 Ne4 6.a3 Bxd2+ 7.Nxd2 f5 8.Bd3 d5
9.O-O Qh4 10.f3 Nxd2 11.Bxd2 Nd7 12.Qe2 Nf6 13.Be1 Qh5 14.Bg3 c6 15.Qc2 Qg6
16.Be5 Bd7 17.b4 Qh6 18.Qe2 a5 19.c5 axb4 20.axb4 Qg6 21.Qb2 Rfd8 22.b5 Qe8
23.b6 Rxa1 24.Rxa1 Qf7 25.Ra7 Bc8 26.Qf2 Qg6 27.Qh4 Re8 28.Bd6 h6 29.Qf4 Qg5
30.Bc2 Qxf4 31.exf4 Nd7 32.Ba4 Nf8 33.Bxc6 bxc6 34.b7 Bxb7 35.Rxb7 e5 36.Bxf8 Kxf8
37.fxe5 Ra8 38.Rc7 Ra4 39.Rxc6 Ke7 40.Rc7+ Ke6 41.Rc6+ Ke7 42.Rd6 Rxd4 43.g3 Rc4
44.c6 Rc2 45.f4 d4 46.Rxd4 Rxc6 47.Rd2 g5 48.Kf2 Rc3 49.Ra2 g4 50.Ra7+ Ke6
51.Ra6+ Kd5 52.Rxh6 Ke4 53.Ke2 Rc2+ 54.Kd1 Ra2 55.e6 Kd3 56.Kc1 Kc3 57.Kb1 Re2
58.Rf6 Re1+ 59.Ka2 Re2+ 60.Ka3 Re4 61.Rxf5 Rxe6 62.Rc5+ Kd4 63.Rg5 Kc3 64.Ka4 Kc4
65.Ka5 Rh6 66.Rxg4 Rxh2 67.Kb6 Kd5 68.Kc7 Ke6 69.Rg5 Rd2 70.Kc6 Rd3 71.Kc5 Kf6
72.Kc4 Rd1 73.g4 Rd2 74.Ra5 Rf2 75.Rf5+ Ke6 76.Kd4 Rg2 77.Rg5 Kf6 78.Ke4 Rg1
79.Kf3 Rf1+ 80.Kg3 Ra1 81.Re5 Rg1+ 82.Kh3 Rf1 83.Rf5+ Kg6 84.Kg2 Ra1 85.Re5 Kf6
86.Re3 Ra2+ 87.Kf3 Ra1 88.g5+ Kf5 89.Re5+ Kg6 90.Re6+ Kf7 91.Rf6+ Kg7 92.Kg4 Ra5
93.Rc6 Ra7 94.f5 Ra3 95.Rc7+ Kh8 96.Kh5 Ra8 97.Kh6 Ra6+ 98.f6  1-0

[Event "10th EICC"]
[Site "Budva MNE"]
[Date "2009.03.15"]
[Round "9"]
[White "Devereaux,M"]
[Black "Pavlidis,Ant"]
[Result "1/2-1/2"]
[WhiteElo "2437"]
[BlackElo "2278"]

1.d4 Nf6 2.c4 e6 3.Nf3 Bb4+ 4.Nbd2 b5 5.e3 O-O 6.a3 Be7 7.c5 a6 8.a4 b4 9.a5 d6
10.cxd6 cxd6 11.Bd3 Nc6 12.Nb3 e5 13.d5 Nxa5 14.Nxa5 e4 15.Be2 exf3 16.Bxf3 Bd7
17.O-O Bb5 18.Re1 Nd7 19.Nc6 Bxc6 20.dxc6 Ne5 21.Bd5 Qb6 22.e4 Nxc6 23.Be3 Qb5
24.Qa4 Qxa4 25.Rxa4 Rac8 26.Rxa6 Ne5 27.b3 Rc2 28.Rc1 Rxc1+ 29.Bxc1 Bf6 30.Bf4 Rc8
31.Kf1 g5 32.Bd2 Rc2 33.Ke2 Ng4 34.Kd1 Rb2 35.Rxd6 Bc3 36.Bxg5 Nxf2+ 37.Kc1 Nd3+
38.Kd1 Nf2+ 39.Kc1 Nd3+ 40.Kd1 Rxg2 41.Bh6 Nb2+ 42.Kc1 Nd3+ 43.Kd1 Nb2+  1/2-1/2

[Event "SPICE Spring Inv"]
[Site "Lubbock USA"]
[Date "2009.03.17"]
[Round "3"]
[White "Sharavdorj,D"]
[Black "Hess,Ro"]
[Result "0-1"]
[WhiteElo "2428"]
[BlackElo "2483"]

1.d4 Nf6 2.c4 e6 3.Nf3 Bb4+ 4.Nbd2 a5 5.e3 O-O 6.Bd3 d5 7.O-O Nbd7 8.a3 Be7
9.Qc2 c5 10.cxd5 exd5 11.b3 a4 12.dxc5 Nxc5 13.b4 Nxd3 14.Qxd3 Ne4 15.Nd4 Nd6
16.Bb2 Bf6 17.Rac1 Qd7 18.Qb1 b6 19.N4f3 Bxb2 20.Qxb2 Ba6 21.Rfd1 Rfc8 22.h3 Qf5
23.Nd4 Qd7 24.Rxc8+ Rxc8 25.Rc1 Bc4 26.Nb1 h6 27.Nc3 Qe8 28.b5 Bb3 29.Nxb3 axb3
30.a4 Qe5 31.Qxb3 Ne4 32.Ne2 Rxc1+ 33.Nxc1 Qa1 34.Qc2 Nc5 35.Kh2 Qxa4 36.Qf5 Qe4
37.Qc8+ Kh7 38.Ne2 Nd3 39.Ng3 Qg6 40.Qc2 Nc5 41.Qd2 Qd6 42.Qd4 Ne6 43.Qd3+ g6
44.Kg1 Qc5 45.Ne2 Qc4 46.Qxc4 dxc4 47.Nc3 Kg7 48.Nd5 Nc7 49.Nc3 Kf6 50.Kf1 Ke5
51.Ke2 Kd6 52.Na4 Nxb5 53.Nxb6 Kc5 54.Nd7+ Kb4 55.Ne5 Nd6 56.e4 c3 57.Ke3 c2
58.Nd3+ Kc3 59.f4 f6 60.h4 c1=Q+ 61.Nxc1  0-1

[Event "3rd Georgi Agzamov Mem"]
[Site "Tashkent AZE"]
[Date "2009.03.22"]
[Round "7"]
[White "Malakhatko,V"]
[Black "Filippov,An UZB"]
[Result "1/2-1/2"]
[WhiteElo "2610"]
[BlackElo "2558"]

1.d4 Nf6 2.c4 e6 3.Nf3 Bb4+ 4.Nbd2 b6 5.a3 Bxd2+ 6.Qxd2 Bb7 7.e3 d6 8.b4 a5
9.Bb2 axb4 10.axb4 Rxa1+ 11.Bxa1 Nbd7 12.Be2 O-O 13.O-O Qe7 14.Bb2 Ra8 15.Ra1 Qe8
16.Qd1 h6 17.b5 Rxa1 18.Qxa1 Qa8 19.Qxa8+ Bxa8 20.Ne1 Kf8 21.Nd3 Ne8 22.g4 Ke7
23.Ba3 Be4 24.f3 Bxd3 25.Bxd3 g6 26.h4 f5 27.Kf2 fxg4 28.Bxg6 gxf3 29.Kxf3 Ng7
30.Be4 h5 31.Bb4 Nf6 32.Bg6 Nd7 33.Bd3 Kf6 34.Bd2 e5 35.Be1 Nf5 36.Bf2 Nf8
37.Ke4 Ng6 38.Be2 Ng7 39.Bf3 Ne7 40.Be1 Ke6 41.Bg2 Ngf5 42.Bh3 Kf6 43.dxe5+ dxe5
44.Bxf5 Nxf5 45.Bc3 Ke6 46.Bxe5 Nxe3  1/2-1/2

[Event "Spring Open"]
[Site "Belgrade SRB"]
[Date "2009.03.24"]
[Round "4"]
[White "Ostojic,N1"]
[Black "Vlahovic,S"]
[Result "1-0"]
[WhiteElo "2388"]
[BlackElo "2175"]

1.d4 Nf6 2.c4 e6 3.Nf3 Bb4+ 4.Nbd2 d5 5.e3 O-O 6.a3 Be7 7.b3 b6 8.Bb2 Bb7
9.Bd3 Nbd7 10.O-O c5 11.cxd5 exd5 12.Rc1 a5 13.Bb5 Ne4 14.dxc5 Ndxc5 15.Nd4 Nxd2
16.Qxd2 Bf6 17.Qd1 g6 18.Bc6 Qe7 19.b4 axb4 20.axb4 Ne6 21.Bxb7 Qxb7 22.Nxe6 fxe6
23.Bxf6 Rxf6 24.Qd4 Raf8 25.f3 Rf5 26.Rfd1 Rg5 27.f4 Rgf5 28.g3 R5f7 29.b5 g5
30.Rc6 gxf4 31.exf4 Rf6 32.Qe5 Qf7 33.Re1 Re8 34.Qd4 e5 35.Rxe5 Rxe5 36.Qxe5 Rxc6
37.bxc6 Qf6  1-0

[Event "25th Spring Festival"]
[Site "Budapest HUN"]
[Date "2009.03.25"]
[Round "6"]
[White "Horvath,Dav"]
[Black "Mayer,I"]
[Result "1-0"]
[WhiteElo "2154"]
[BlackElo "2117"]

1.d4 e6 2.Nf3 Nf6 3.c4 Bb4+ 4.Nbd2 O-O 5.a3 Be7 6.g3 d5 7.Bg2 c5 8.cxd5 Nxd5
9.e4 Nc7 10.dxc5 Bxc5 11.Qc2 Be7 12.O-O Nc6 13.Nc4 f6 14.Rd1 Qe8 15.e5 Qh5
16.exf6 Bxf6 17.Be3 Nd5 18.Qe4 Nxe3 19.Qxe3 Rb8 20.Rac1 e5 21.Nd6 Be6 22.Nxb7 Ne7
23.Nc5 Bg4 24.b4 Rbd8 25.Rxd8 Rxd8 26.Ne4 Nf5 27.Nxf6+ gxf6 28.Qe4 Kh8 29.h4 Nd6
30.Qd5 Nf7 31.Qc6 Nd6 32.Rd1 Bxf3 33.Bxf3 Rc8 34.Qxc8+  1-0